Teologías latinoamericanas de la liberación: pasión, crítica y esperanza /
Pretende realizar una discusión sobre teologías latinoamericanas de la liberación pensándolas trans-tópicamente. Indica aspectos generales de las prácticas religiosas y sus transformaciones en América Latina, destaca el problema de/con la historia de las teologías y señala el desarrollo de las misma...
Kaydedildi:
| Yazar: | |
|---|---|
| Materyal Türü: | Metin |
| Konular: | |
| Etiketler: |
Etiketle
Etiket eklenmemiş, İlk siz ekleyin!
|
MARC
| LEADER | 00000 a a2200000 04500 | ||
|---|---|---|---|
| 001 | 42901 | ||
| 003 | |||
| 040 | |||
| 100 | |a Pimentel Chacón, Jonathan | ||
| 245 | |a Teologías latinoamericanas de la liberación: |b pasión, crítica y esperanza / |c Jonathan Pimentel Chacón | ||
| 520 | |a Pretende realizar una discusión sobre teologías latinoamericanas de la liberación pensándolas trans-tópicamente. Indica aspectos generales de las prácticas religiosas y sus transformaciones en América Latina, destaca el problema de/con la historia de las teologías y señala el desarrollo de las mismas. Destacando sus constancias y discontinuidades. Concluye resaltando la importancia del diálogo, auto-crítica y una crítica radical entre las teologías, de manera tal que se afronten los desafíos mundiales a partir de una teología contextual que radicaliza la crítica de la cotidianidad y de los rasgos empobrecedores. | ||
| 590 | |a AMB/MAYO2014 | ||
| 650 | |a A)ETICA | ||
| 650 | |a B)MORAL | ||
| 650 | |a C)TEOLOGIA DE LA LIBERACION | ||
| 650 | |a D)POLITICA | ||
| 650 | |a E)ECONOMIA | ||
| 650 | |a F)RELIGION | ||
| 650 | |a G)LATINOAMERICA | ||
| 773 | |g páginas 7-46 | ||
| 999 | |c 32396 |d 32396 | ||
